| 000 | 00425nam a2200181Ia 4500 | ||
|---|---|---|---|
| 008 | 210210b1921 xxu||||| |||| 00| 0 eng d | ||
| 041 | _aeng | ||
| 082 | _a821/659 | ||
| 100 | _aTENNYSON (A) | ||
| 245 | _aPoems: Herbert Warren Ed | ||
| 260 |
_aLondon _bOxford University Press _c1921 |
||
| 650 | _aWarren | ||
| 650 | _aPoems: | ||
| 650 | _aHerbert | ||
| 650 | _aEd | ||
| 690 | _aEnglish Literature | ||
| 906 | _a011827 | ||
| 999 |
_c130545 _d130545 |
||